Type the missing letter - Capital Cities - Statistics

General Stats
  • This quiz has been taken 77 times
  • The average score is 21 of 50
Answer Stats
Capital City % Correct
Brusse{l}s
100%
Cai{r}o
100%
Ciudad de l{a} Paz
100%
Kin{g}stown
100%
Mogadish{u}
100%
P{o}rt-au-Prince
100%
Ta{i}pei
100%
New Del{h}i
83%
Andor{r}a la Vella
80%
Buen{o}s Aires
80%
Abu{j}a
75%
Kings{t}on
75%
{T}allinn
75%
Ba{k}u
71%
Ad{d}is Ababa
67%
Bei{j}ing
67%
Bloem{f}ontein
67%
{D}haka
67%
Islamaba{d}
67%
K{y}iv
67%
Ljubl{j}ana
67%
Lu{x}embourg
67%
Skop{j}e
67%
Ni{c}osia
63%
Pali{k}ir
63%
Santo Domi{n}go
63%
S{u}va
63%
Bras{í}lia
60%
Buchare{s}t
60%
C{a}nberra
60%
Funa{f}uti
60%
Ku{w}ait City
60%
L{u}anda
60%
Param{a}ribo
60%
Ra{b}at
60%
{S}outh Tarawa
60%
Tr{i}poli
60%
Viln{i}us
60%
Windho{e}k
60%
Yere{v}an
60%
Co{t}onou
57%
Ka{m}pala
57%
La Pa{z}
57%
Mi{n}sk
57%
Py{o}ngyang
57%
Rose{a}u
57%
San Jos{é}
57%
São T{o}mé
57%
Vallet{t}a
57%
{V}atican City
57%
Vi{c}toria
57%
{P}ort Vila
56%
Saint Geor{g}e's
56%
Mosco{w}
55%
Tok{y}o
55%
Ashga{b}at
50%
A{s}unción
50%
At{h}ens
50%
Bang{u}i
50%
{B}eirut
50%
Belmo{p}an
50%
Be{r}n
50%
Cara{c}as
50%
Di{l}i
50%
{D}jibouti
50%
{F}reetown
50%
Guatemala Cit{y}
50%
Lom{é}
50%
Ma{d}rid
50%
Mana{m}a
50%
Monte{v}ideo
50%
Pa{n}ama City
50%
{P}aris
50%
Po{d}gorica
50%
Porto-Nov{o}
50%
Riyad{h}
50%
Ro{m}e
50%
S{r}i Jayawardenepura Kotte
50%
Tashken{t}
50%
Tbili{s}i
50%
Vadu{z}
50%
Vienn{a}
50%
{W}arsaw
50%
Ya{r}en
50%
Kath{m}andu
45%
Kuala Lum{p}ur
45%
{Q}uito
45%
Ca{p}e Town
44%
Do{h}a
44%
Dus{h}anbe
44%
{K}inshasa
44%
L{i}ma
44%
{M}onaco
44%
Nair{o}bi
44%
Nayp{y}idaw
44%
Ri{g}a
44%
San {M}arino
44%
{Y}aoundé
44%
Acc{r}a
43%
Am{m}an
43%
Braz{z}aville
43%
Damas{c}us
43%
Georgeto{w}n
43%
Ju{b}a
43%
Otta{w}a
43%
Stoc{k}holm
43%
Mus{c}at
42%
Amster{d}am
40%
Ba{g}hdad
40%
Bandar Seri Bega{w}an
40%
Basse{t}erre
40%
Belgra{d}e
40%
Bratisla{v}a
40%
{B}udapest
40%
Ka{b}ul
40%
{K}igali
40%
Ma{j}uro
40%
Mo{r}oni
40%
Niam{e}y
40%
Nouak{c}hott
40%
Pra{i}a
40%
San{t}iago
40%
{W}ashington D.C.
40%
Al{g}iers
38%
Ma{n}ila
38%
M{b}abane
38%
Port Moresb{y}
38%
{Z}agreb
38%
{H}arare
36%
Jak{a}rta
36%
Ab{u} Dhabi
33%
A{n}kara
33%
Castr{i}es
33%
Chi{ș}inău
33%
Conakr{y}
33%
Dub{l}in
33%
Ha{v}ana
33%
Honia{r}a
33%
Libr{e}ville
33%
Lond{o}n
33%
Port L{o}uis
33%
Port-o{f}-Spain
33%
{P}rague
33%
San Sal{v}ador
33%
Singa{p}ore
33%
Thimp{h}u
33%
Berli{n}
29%
{B}ogotá
29%
{L}isbon
29%
Manag{u}a
29%
Monro{v}ia
29%
Seou{l}
29%
Gite{g}a
25%
Hano{i}
25%
Helsin{k}i
25%
Ma{l}é
25%
Ma{p}uto
25%
Osl{o}
25%
Phnom Pen{h}
25%
Saint John'{s}
25%
Su{c}re
25%
Te{h}ran
25%
P{r}etoria
22%
{S}ana'a
22%
Bam{a}ko
20%
Bissa{u}
20%
Bridgeto{w}n
20%
{C}openhagen
20%
Do{d}oma
20%
J{e}rusalem
20%
Na{s}sau
20%
N'D{j}amena
20%
N{g}erulmud
20%
{P}ristina
20%
As{m}ara
17%
Ban{j}ul
17%
Gaboron{e}
17%
Sara{j}evo
17%
T{i}rana
17%
Ulaanba{a}tar
17%
Kharto{u}m
14%
Me{x}ico City
14%
Teguciga{l}pa
14%
Tu{n}is
14%
{V}ientiane
14%
Ban{g}kok
13%
Da{k}ar
13%
Mase{r}u
13%
Lu{s}aka
11%
Antana{n}arivo
0%
Api{a}
0%
Asta{n}a
0%
Bish{k}ek
0%
Lilongw{e}
0%
Nukuʻalo{f}a
0%
Ouaga{d}ougou
0%
Re{y}kjavík
0%
So{f}ia
0%
We{l}lington
0%
Yamousso{u}kro
0%
No matching quizzes found
Score Distribution
Percent of People with Each Score
Percentile by Number Answered
Your Score History
You have not taken this quiz